000 01657cam a2200397 i 4500
001 768714001
003 CO-MdFUSB
005 20210927091255.0
007 ta
008 711108t1965 nyuabc b 000 0 eng
010 _a 65026700
020 _a[No incluye ISBN]
040 _aDLC
_beng
_cCO-MdFUSB
_dMUQ
_dCO-MdFUSB
_dBTCTA
_dOCLCG
_dZXN
_dTXBXL
_dOCLCQ
_dBGCBL
_dMOZ
_dBDX
_dOCLCA
_dOCLCF
_dOCLCQ
_dOCLCO
_dOCLCA
_dYT6
_dOCLCO
_dCNO
_dOCLCO
_dCSA
_dOCLCQ
_dOCLCO
_dSNN
_dCPO
_dOCLCO
_dOCLCQ
_dU3G
_dOCLCO
_dOCL
_dOCLCQ
_erda
041 _aeng
082 _223
_a918
_bM141
100 1 _aMacEóin, Gary,
_d1909-2003.
_eautor
245 1 0 _aColombia and Venezuela and the Guianas
_c/ Gary MacEoin
264 1 _aNew York :
_bTime, Inc.,
_c[1965]
264 4 _c© 1965
300 _a160 páginas :
_bilustraciones (algunas a color ), mapas, retratos ;
_c28 cm.
336 _atexto
_btxt
_2rdacontent.
337 _asin mediación
_bn
_2rdamedia.
338 _avolumen
_bnc
_2rdacarrier.
490 1 _aLife world library.
504 _aIncluye referencias bibliográficas (página 153).
505 _aEl nivel norte del continente; El sueño de El Dorado: riqueza del café y el aceite; Presente incierto de Colombia; Juicio y triunfo en Venezuela; Las Guayanas Variadas.
520 _aFotografías y textos de la historia y economía contemporánea, cultura, política, vida social y costumbres de Colombia, Venezuela y las Guayanas.
563 _aRústico
651 0 _aColombia.
_xHistoria.
651 0 _aVenezuela.
_xHistoria.
651 0 _aGuiana.
_xHistoria.
830 0 _aLife world library.
942 _cBK
945 _aJTF-925
999 _c66438
_d66438